| 000 | 00564 a2200193 4500 | ||
|---|---|---|---|
| 020 | _a0-13-085634-7 | ||
| 040 |
_aDLC _bDLC |
||
| 082 | _a621.381 | ||
| 082 | _a621.381 | ||
| 100 | 1 | _aTocci, Ronald J. | |
| 245 | 0 | 0 |
_aDigital systems : principles and applications _cRonald J. Tocci, Neal S. Widmer |
| 250 | _a8. ed. | ||
| 260 |
_aUpper Saddle River, N.J. : _bPrentice Hall, _ccop. 2001 |
||
| 300 |
_axxvi, 881 s. : _bill. + _eCD-ROM |
||
| 500 | _aHä²´ill CD-ROM | ||
| 650 | 7 | _aDigital electronics | |
| 700 | 1 | _aWidmer, Neal S. | |
| 942 |
_cBK _k621.381 TOC _2ddc |
||
| 999 |
_c6422 _d6422 |
||